[Event "Nikolaev zt"]
[Site "Nikolaev"]
[Date "1993.??.??"]
[Round "?"]
[White "Bologan, Viktor"]
[Black "Tukmakov, Vladimir B"]
[Result "1-0"]
[WhiteElo "2520"]
[BlackElo "2605"]
[Annotator "Chekhov,V"]
[PlyCount "72"]
[EventDate "1993.03.??"]
[EventType "swiss"]
[EventRounds "11"]
[EventCountry "RUS"]
[SourceTitle "CBM 035"]
[Source "ChessBase"]
[SourceDate "1993.08.01"]
[SourceVersion "1"]
[SourceVersionDate "1993.08.01"]
[SourceQuality "1"]

1. e4 {Boensch} c5 2. Nf3 d6 3. d4 cxd4 4. Nxd4 Nf6 5. Nc3 Nc6 6. Bg5 e6 7. Qd2
a6 8. O-O-O h6 9. Be3 (9. Bf4 $5) 9... Nxd4 (9... Be7 {Boensch} 10. f3 Nxd4 11.
Bxd4 e5 12. Be3 Be6 13. g4 Rc8 14. Nd5 Bxd5 15. exd5 e4 16. Bh3 exf3 17. g5
hxg5 18. Bxc8 Qxc8 19. Qd3 g4 $15 {Ajapbergenov,A-Serper,G Bishek zt 1993 0-1
31 -CBM 35}) 10. Bxd4 (10. Qxd4 $5 Qc7 11. f4 b5 12. Be2 (12. a4 $6 e5 $1 13.
fxe5 dxe5 14. Qb6 Qxb6 15. Bxb6 Bg4 $1 $132) 12... Bb7 13. Bf3 Rc8 14. Kb1 (14.
g4 $5) 14... Be7 15. e5 (15. Rhe1 $5) 15... Bxf3 16. gxf3 dxe5 17. fxe5 Nd7 (
17... Rd8 18. Qf4 Rxd1+ 19. Rxd1 Nd7 20. Qg3 $1 $16 {Kudrin-Dlugy/USA/1989/})
18. Qg4 (18. Rhe1 b4 19. Ne4 O-O $1 $17 {Short-Dlugy/Wijk aan Zee/1990/}) 18...
g6 $1 {Christiansen-Dlugy/New York/1990/} 19. Qe4 $1 $10) 10... b5 11. f3 (11.
Qe3 Ng4 $5 (11... b4 $5 12. Na4 e5 13. Bb6 Qd7 14. b3 Qb7 $1 $132 {Timman-Van
der Wiel/Nederland/1983/}) 12. Qg3 e5 13. Be3 Nxe3 (13... Be6 $5 $132 {Ruban})
14. Qxe3 Be7 15. Kb1 Be6 16. Nd5 O-O 17. g3 {Kruszynski-Kovalev/Porz/1991/} Re8
$5 $132) (11. f4 $5 Be7 12. Bd3 b4 13. Ne2 (13. Na4 Rb8 14. e5 dxe5 15. Bxe5
Bd7 $132 {Dvoirys-Khalifman/Simferopol/1988/}) 13... e5 $1 14. Be3 (14. fxe5
dxe5 15. Bxe5 Qa5 $36) 14... Rb8 (14... Ng4 $5 15. Bg1 exf4 $13) 15. Kb1 O-O
16. Rhf1 Qa5 17. fxe5 dxe5 18. Ng3 Be6 19. b3 Ng4 $1 20. Bg1 Bc5 $10 {
Dvoirys-Serper/Gausdal/1991/}) 11... Be7 (11... Qa5 $5 12. Bxf6 (12. Kb1 $2 b4
13. Ne2 e5 14. Be3 Be6 15. Nc1 d5 $17 {Anand-Dlugy/Philadelphia/1986/}) (12. a3
e5 13. Be3 Be6 14. Kb1 Rb8 15. g4 Be7 16. Nd5 Qxd2 $10 {Ivanchuk-Anand/Linares/
1992/}) (12. Qf2 b4 13. Bb6 Qg5+ 14. Be3 Qa5 $10) 12... gxf6 13. Kb1 b4 14. Ne2
Qc5 15. Qd4 $1 (15. Nf4 a5 16. g3 h5 17. Nd3 Qd4 18. Bg2 Rb8 19. Qe1 a4 20. Nc1
Qc5 21. Nd3 Qd4 22. Nc1 Qc5 {0,5/Fedorowicz-Dlugy/USA/1983/}) 15... Qxd4 16.
Nxd4 Bb7 17. Bc4 $14 {/\f4-f5 /Georgiev,Kir-Gulko,B/Manila izt/1990/}) 12. Kb1
(12. h4 $5 Qa5 13. Qf2 Rb8 14. Kb1 b4 15. Ne2 e5 16. Ba7 Rb7 17. Nc1 Be6 18.
Be3 (18. g4 $5 Nd7 19. Be3 Nc5 20. Nb3 Qc7 $132 {Haba-Khalifman/BRD/1991/})
18... d5 19. Nb3 Qa4 20. Bc5 (20. exd5 Nxd5 21. Bc5 Bxc5 22. Qxc5 Rc7 23. Qd6 {
Balashov-Salov/Irkutsk/1986/} Qc6 $5 24. Qxc6+ Rxc6 25. Na5 Rc5 26. Nb7 Rc6 $10
) 20... O-O 21. g4 dxe4 22. Bxe7 Rxe7 23. g5 Nh5 24. gxh6 g6 25. fxe4 Qc6 $1
26. Rg1 $1 Kh7 $1 $132 {Yudasin-Kovalev/Simferopol/1988/}) 12... Bb7 (12... Rb8
$1 $146 {Boensch (Ruban)} 13. g4 b4 14. Bxf6 Bxf6 15. Ne2 Rb6 $10 {Cseshkovsky,
V-Ruban,V Sankt-Petersburg zt 1993 -Inf. 56/222}) 13. Bxf6 $5 $146 (13. g4 Bc6
14. Qf2 $1 {Ivanchuk-Anand/Linares/1992/} Qc7 15. Bd3 b4 16. Ne2 e5 17. Bb6 Qb7
18. Ng3 $14 {Anand}) 13... gxf6 14. Bd3 Qc7 (14... Qa5 {Boensch} 15. Qe1 Qb6
16. f4 O-O-O 17. f5 Kb8 18. Rf1 Qc5 19. Ne2 Rdg8 20. g3 $14 {Federowicz,
J-Nogueiras,J Mexico City (07) 1991 1-0 24}) 15. Ne2 d5 $6 (15... h5 $5 {
/\ Bf8-h6}) (15... Qc5 {Boensch} 16. Nd4 $14) 16. exd5 Bxd5 17. Nf4 Bb7 18. Be4
$16 Bxe4 19. fxe4 Rd8 20. Qf2 Rxd1+ 21. Rxd1 Rg8 22. Nh5 Rg5 23. Qf3 (23. Nxf6+
Bxf6 24. Qxf6 Rxg2 (24... Rxg2 {Boensch} 25. c3 $10)) 23... Rc5 (23... Qxh2 {
Boensch} 24. e5 Qxg2 25. Nxf6+ Bxf6 26. Qxf6 Qd2 $13 (26... Qd5 $2 27. Kc1 $18)
) 24. e5 $1 f5 (24... fxe5 $2 25. Ng7+ Kf8 26. Nxe6+ $18) (24... Qxe5 $2 25.
Qa8+) (24... Rxe5 25. Qa8+ Bd8 26. Nxf6+ Ke7 27. Ng8+ Ke8 28. a3 $16 (28. c3
$18 {Boensch})) (24... Rxc2 $2 25. exf6 $18) 25. g4 f4 (25... Rxc2 $2 26. Qa8+
Bd8 27. Rxd8+ $18) (25... fxg4 $2 {Boensch} 26. Ng7+ Kf8 27. Nxe6+ Kg8 28.
Qxg4+ $18) (25... Rxe5 {Boensch} 26. gxf5 Rxf5 27. Ng7+ $18) 26. Qe4 (26. Qxf4
$5 Bg5 27. Nf6+ Bxf6 (27... Kf8 28. Qf2 $16) 28. Qxf6 Rxc2 (28... Qxe5 29. Rd8#
) 29. Qxh6 $16) 26... Rxe5 27. Ng7+ Kf8 28. Qh7 Bd6 (28... Bf6 $2 {Boensch} 29.
Qh8+ Ke7 30. Qe8#) 29. Qh8+ (29. Qxh6 $5 Ke7 30. g5 $36) 29... Ke7 30. Qe8+ (
30. h4 Qd7) 30... Kf6 31. Nh5+ $6 (31. Qh8 Ke7 $10) 31... Kg5 32. Qg8+ Kh4 33.
Qh7 (33. Nxf4 Rg5) 33... Re2 34. Ng7 (34. Nf6 Bf8) 34... Kh3 35. Ne8 (35. Qxh6+
Kg2 36. Rc1 f3 $19) 35... Qc6 36. Qxh6+ $4 (36. Qd3+ f3 (36... Re3 $2 37. Qf1+
Kxg4 38. Nxd6 $18) 37. Nxd6 Kg2 {/\ Qd5}) 36... Kg2 $138 1-0

[Event "Groningen PCA"]
[Site "Groningen"]
[Date "1993.??.??"]
[Round "1"]
[White "Illescas Cordoba, Miguel"]
[Black "Ruban, Vadim"]
[Result "1/2-1/2"]
[WhiteElo "2625"]
[BlackElo "2590"]
[Annotator "Chekhov,V"]
[PlyCount "83"]
[EventDate "1993.12.??"]
[EventType "swiss"]
[EventRounds "11"]
[EventCountry "NED"]
[SourceTitle "CBM 039"]
[Source "ChessBase"]
[SourceDate "1994.04.01"]
[SourceVersion "1"]
[SourceVersionDate "1994.04.01"]
[SourceQuality "1"]

1. e4 c5 2. Nf3 d6 3. d4 cxd4 4. Nxd4 Nf6 5. Nc3 Nc6 6. Bg5 e6 7. Qd2 a6 8.
O-O-O h6 9. Be3 Be7 10. f4 Nxd4 11. Bxd4 b5 12. Qe3 O-O $6 $146 (12... Bb7 13.
Bxf6 gxf6 (13... Bxf6 14. e5 Be7 15. exd6 Bxd6 16. Ne4 Bxe4 17. Qxe4 O-O 18.
Bd3 g6 19. h4 $40) 14. f5 Qa5 15. a3 Rc8 16. Rd3 Rc5 17. Be2 Re5 18. Rf1 Qc7
19. Qg3 Bxe4 20. Nxe4 Rxe4 21. Rc3 Qd7 22. Bf3 Rc4 23. fxe6 fxe6 24. Re3 $44 {
Tal,M-Tukmakov,V/SSSR/1983/ Inf 35/264/}) 13. Bxf6 gxf6 14. f5 Kh7 (14... Kg7
15. Bd3 {/\Rh1-f1-f3/}) 15. Bd3 e5 16. Be2 $16 Bb7 17. Rhf1 (17. Rd3 Rc8 18.
Rhd1) 17... Rc8 (17... Rg8 $5) 18. Rf3 Rg8 19. Rh3 Bf8 20. Bh5 Qc7 21. Qe2 Rg5
22. g4 $6 (22. Nd5 $5 Bxd5 23. Rxd5) 22... Rg8 23. Kb1 Kg7 24. Rhd3 Qc4 25. h4
Be7 (25... b4 $6 26. b3 $1 Qc5 27. Nd5) 26. Qg2 b4 27. Nd5 Bxd5 28. Rxd5 Rc5
29. R5d2 (29. b3 Rxd5 $1 (29... Qb5 $6 30. g5 $1 hxg5 31. hxg5 fxg5 32. f6+
Bxf6 33. Rxd6 $36) 30. Rxd5 Qc7) 29... Rc7 30. Rf2 (30. g5 $5 hxg5 31. hxg5
fxg5 32. f6+ Bxf6 (32... Kxf6 33. b3 Qe6 34. Bg4) 33. Rxd6 $36) 30... Kf8 31.
Qf3 a5 32. Qe3 Rh8 33. Rd5 a4 34. Ra5 $2 (34. Qd3 $1 $14) 34... d5 $1 $10 35.
Ra8+ (35. exd5 Bc5) (35. b3 Qxe4 36. Ra8+ Kg7) 35... Rc8 36. b3 Qc6 37. Rxc8+
Qxc8 38. Rf3 d4 39. Qd3 a3 (39... Qc6 $5) 40. Qb5 Qc5 41. Qe2 Kg7 42. Rd3
1/2-1/2

[Event "St Petersburg-ch"]
[Site "St Petersburg"]
[Date "1995.??.??"]
[Round "8"]
[White "Karasev, Vladimir I"]
[Black "Aseev, Konstantin N"]
[Result "1-0"]
[WhiteElo "2405"]
[BlackElo "2530"]
[Annotator "Chekhov,V"]
[PlyCount "75"]
[EventDate "1995.04.??"]
[EventType "tourn"]
[EventRounds "12"]
[EventCountry "RUS"]
[EventCategory "9"]
[SourceTitle "CBM 047"]
[Source "ChessBase"]
[SourceDate "1995.08.01"]
[SourceVersion "1"]
[SourceVersionDate "1995.08.01"]
[SourceQuality "1"]

1. e4 c5 2. Nf3 d6 3. d4 cxd4 4. Nxd4 Nf6 5. Nc3 Nc6 6. Bg5 e6 7. Qd2 a6 8.
O-O-O Nxd4 9. Qxd4 Be7 10. f4 b5 $6 {N/} (10... Qa5 11. e5 dxe5 12. fxe5 Nd5
13. Bxe7 Nxe7 14. Bd3 Nc6 15. Qh4 Nxe5 16. Ne4 f6 17. Rhf1 Qc7 18. Nxf6+ $16 {
Adler,V-Bannik,A/URS/1978/}) 11. Bxf6 Bxf6 (11... gxf6 12. Be2 {/\f5,Bh5/}) 12.
e5 dxe5 (12... Be7 13. exd6 Bf6 14. Qe4 Rb8 15. Nd5) 13. Qe4 Bd7 14. Bxb5 $1
axb5 15. Rxd7 Qa5 (15... Kxd7 16. Rd1+ Ke8 17. Rxd8+ Rxd8 18. fxe5 Bg5+ 19. Kb1
$18) 16. Rb7 O-O 17. Rxb5 Qa6 18. fxe5 Bg5+ 19. Kb1 Bd2 20. Qb7 Bxc3 21. Qxa6
Rxa6 22. bxc3 $16 Rfa8 (22... Rd8 $5) 23. Rd1 h5 (23... Rxa2 24. Rd7 $5 h5 25.
c4) 24. c4 Rxa2 25. Rd7 (25. Rd8+ Rxd8 26. Kxa2 Rd2 27. Kb3 Rxg2 28. Rb8+ Kh7
29. c5) 25... Ra1+ 26. Kb2 Re1 27. Rbb7 Rxe5 (27... Rf8 28. c5 Rxe5 29. c6 Rc5
30. c7 $18) 28. Rxf7 Rg5 29. g3 Raa5 30. Rfe7 Rae5 (30... e5 31. Rb5 $18) 31.
c5 Rxc5 32. Rxe6 Rc4 33. Re3 h4 34. Kb3 Rcg4 (34... Rgc5 35. c3 $16) 35. Rb4 $1
$18 hxg3 36. Rxg4 Rxg4 37. hxg3 Rg6 38. c4 $138 1-0

[Event "Groningen PCA"]
[Site "Groningen"]
[Date "1993.??.??"]
[Round "4"]
[White "Anand, Viswanathan"]
[Black "Serper, Grigory"]
[Result "1-0"]
[WhiteElo "2725"]
[BlackElo "2575"]
[Annotator "Chekhov,V"]
[PlyCount "67"]
[EventDate "1993.12.??"]
[EventType "swiss"]
[EventRounds "11"]
[EventCountry "NED"]
[SourceTitle "CBM 039"]
[Source "ChessBase"]
[SourceDate "1994.04.01"]
[SourceVersion "1"]
[SourceVersionDate "1994.04.01"]
[SourceQuality "1"]

1. e4 c5 2. Nf3 d6 3. d4 cxd4 4. Nxd4 Nf6 5. Nc3 Nc6 6. Bg5 e6 7. Qd2 a6 8.
O-O-O h6 9. Be3 Be7 10. f3 Nxd4 11. Bxd4 b5 12. Kb1 Rb8 (12... Bb7 13. g4 (13.
Bxf6 $5 gxf6 14. Bd3 Qc7 15. Ne2 $1 d5 16. exd5 Bxd5 17. Nf4 Bb7 18. Be4 $14 {
Bologan,V-Tukmakov,V/Nikolaev(zt)/1993/1:0 (36) Inf 57/207/}) 13... Bc6 (13...
Qc7 14. Qf2 b4 15. Na4 e5 16. Be3 d5 17. Nb6 dxe4 18. Nxa8 Bxa8 $44 {Dolmatov,
S-Tukmakov,V/Rostov/1993/0,5 (68) Inf 57/208/}) 14. Qf2 {Ivanchuk,V-Anand,V/
Linares(m/6)/1992/0,5 (26) Inf 55/228/} Qc7 15. Bd3 b4 16. Ne2 e5 17. Bb6 Qb7
18. Ng3 $14) (12... e5 13. Be3 Be6 14. g4 Qa5 15. Qf2 Rb8 16. Nd5 Bxd5 17. exd5
Bd8 18. Qe2 $1 Rb7 19. h4 $16 {Ehlvest,J-Serper,G/Moscow/1992/1:0 (32) Inf 57/
206/}) 13. Qe3 $1 $146 (13. g4 b4 14. Bxf6 Bxf6 15. Ne2 Rb6 {Cseshkovsky,
V-Ruban,V/S-Peterburg(zt)/1993/0,5 (46) Inf 56/222/} 16. f4 $5 $132) (13. Qf2
$5 Qc7 14. g4 Bd7 15. h4 b4 16. Ne2 e5 17. Be3 Rc8 18. Ng3 Bxg4 19. Bb6 Qxc2+
20. Qxc2 Rxc2 21. fxg4 Rc6 22. Ba7 Nxg4 23. Bh3 $16 {Ivanovic,B-Makarov,M/
Podgorica/1993/ Inf 57/206/}) 13... b4 (13... e5 $2 14. Bxe5) (13... Qc7 14. e5
$1) 14. Na4 Qc7 15. Ba7 (15. e5 Nd5) 15... Rb7 16. Bb6 Qc6 17. b3 O-O (17... e5
18. Bxa6 Rxb6 19. Bxc8 $16) (17... d5 18. e5 Nd7 19. Bd4) 18. Bd4 (18. Bxa6
Rxb6 19. Bxc8 Rxc8 20. Nxb6 Qxc2+ 21. Ka1 Nxe4 $36) 18... e5 19. Bb2 Bd7 20. h4
$16 Qc7 21. g4 Bxa4 22. bxa4 Nd7 (22... Qc6 23. g5 $40) 23. Bxa6 Ra7 24. Bc4 $1
Nb6 25. Bb3 Qc5 26. Qe1 Nxa4 27. Rd5 Nc3+ (27... Qc7 28. Qxb4) (27... Qb6 28.
g5 $40) 28. Bxc3 Qxc3 29. Qe2 Rfa8 30. g5 hxg5 (30... h5 31. g6 $18) (30... Kf8
$5) 31. hxg5 Bxg5 32. Rxd6 Bf4 $6 (32... Bh6 $5) 33. Qg2 Qc7 (33... Kf8 34. Rd3
$16) 34. Rg6 1-0

[Event "GER CupT"]
[Site "Germany"]
[Date "1994.??.??"]
[Round "?"]
[White "Borriss, Martin"]
[Black "Shirov, Alexei"]
[Result "1/2-1/2"]
[WhiteElo "2375"]
[BlackElo "2685"]
[Annotator "Chekhov,V"]
[PlyCount "88"]
[EventDate "1994.??.??"]
[EventType "team"]
[EventRounds "7"]
[EventCountry "GER"]
[SourceTitle "CBM 040"]
[Source "ChessBase"]
[SourceDate "1994.06.01"]
[SourceVersion "1"]
[SourceVersionDate "1994.06.01"]
[SourceQuality "1"]

1. e4 c5 2. Nf3 d6 3. d4 cxd4 4. Nxd4 Nf6 5. Nc3 Nc6 6. Bg5 e6 7. Qd2 a6 8.
O-O-O h6 9. Bf4 Bd7 10. Nxc6 Bxc6 11. f3 d5 12. Qe1 Bb4 13. a3 Ba5 14. Bd2 Qe7
(14... Rc8 $5 15. Qg3 Bc7 16. e5 Nd7 17. f4 O-O 18. Bd3 Nc5 19. Be3 Nxd3+ 20.
Rxd3 f6 21. Re1 {Adams,M-Shirov,A/Munchen/1993/0,5 (21)}) (14... b5 $5) (14...
d4 $5) 15. e5 Nd7 16. Kb1 Bb6 (16... Bc7 17. f4 f6 18. exf6 gxf6 19. Bc1 Nb6
20. Be2 O-O-O 21. Bg4 Rde8 22. Qh4 h5 23. Bf3 f5 {Tischbierek,R-Fedorowicz,J/
New York/1991/0,5 (23)}) 17. Qg3 $1 $146 (17. f4 h5 (17... f6 18. exf6 gxf6 19.
Be2 O-O-O 20. Bf3 Qf7 21. Be3 Rhe8 22. Qe2 $14 {Benjamin,D-Gulko,B/USA/1991/
1-0 (37)}) 18. h4 $1 Bc5 19. Rh3 b5 20. Na2 Bb7 21. Nc1 g6 22. Nd3 $14 {
Malishauskas,V-Lanka,Z/Vilnius(zt)/1993/}) 17... g6 18. Bd3 Bc5 (18... Nc5 $5)
19. h4 b5 (19... h5 20. Bg5 $16) 20. h5 g5 21. f4 gxf4 22. Qxf4 b4 $8 {Shirov}
23. axb4 Bxb4 24. Nxd5 Bxd2 25. Nxe7 Bxf4 26. Nxc6 Nxe5 (26... Bxe5 $6 27. Be4
Bg7 28. Ne5 $1 Rd8 29. Nxd7 Rxd7 30. Bc6) 27. Bxa6 $1 $16 Nxc6 (27... Rxa6 28.
Rd8#) 28. Bb7 Ke7 29. Bxc6 Ra7 30. Rhe1 $1 Rb8 31. Re4 Bg5 32. Rc4 Bf6 33. c3
Rc7 34. b4 $18 Bxc3 $5 35. Rxc3 Rxb4+ 36. Kc2 Ra7 37. Rd2 (37. Rb1 $2 Ra2+ 38.
Kc1 Rh4) 37... f5 38. Kd1 $6 (38. Bf3 $5) (38. g3 $5) 38... Rh4 39. Bf3 e5 40.
Rc6 (40. Rc5 e4 41. Be2 Rh1+ 42. Kc2 Ra2+ 43. Kc3 Rc1+) 40... e4 41. Rxh6 (41.
Be2 Rh1+ 42. Kc2 Ra2+ 43. Kc3 Rc1+) 41... Ra1+ 42. Ke2 exf3+ 43. Kxf3 Ra3+ 44.
Kf2 (44. Ke2 Re4+ 45. Kd1 Ra1+ 46. Kc2 Ra2+ 47. Kc3 Rxd2 48. Kxd2 Rg4 $10)
44... Rf4+ (44... Rf4+ 45. Kg1 Ra1+ 46. Kh2 Rh4+ 47. Kg3 Rg4+ 48. Kf2 (48. Kf3
Ra3+ $10) 48... Rf4+ 49. Ke3 Re4+ 50. Kd3 Ra3+ 51. Kc2 Ra2+ 52. Kc3 Rxd2 53.
Kxd2 Rg4 $10) 1/2-1/2

[Event "Novgorod 3rd"]
[Site "Novgorod"]
[Date "1996.07.25"]
[Round "5"]
[White "Polgar, Judit"]
[Black "Ivanchuk, Vassily"]
[Result "1-0"]
[WhiteElo "2665"]
[BlackElo "2730"]
[Annotator "ChessBase"]
[PlyCount "85"]
[EventDate "1996.07.20"]
[EventType "tourn"]
[EventRounds "10"]
[EventCountry "RUS"]
[EventCategory "19"]
[SourceTitle "CBM 054"]
[Source "ChessBase"]
[SourceDate "1996.10.01"]
[SourceVersion "1"]
[SourceVersionDate "1996.10.01"]
[SourceQuality "1"]

1. e4 c5 2. Nf3 Nc6 3. d4 cxd4 4. Nxd4 Nf6 5. Nc3 d6 6. Bg5 e6 7. Qd2 a6 8.
O-O-O h6 9. Be3 Be7 10. f4 Nxd4 11. Bxd4 b5 12. g4 Bb7 13. Bg2 e5 14. Bg1 Rc8
15. Kb1 Rxc3 $1 16. Qxc3 Nxe4 17. Qe1 Nc3+ 18. bxc3 Bxg2 19. fxe5 Bh4 20. Bf2
Bxf2 21. Qxf2 Bxh1 22. Rxh1 dxe5 23. Qc5 f6 24. Kc1 Qd7 25. h3 (25. Rd1 Qxg4
26. Qc7 O-O $19) 25... Kf7 $17 26. Rd1 Qb7 27. Rd6 Rc8 28. Qe3 Rc4 29. Qd3 Ke7
30. Rd8 Qc6 31. Rg8 Rxc3 32. Qg6 e4 33. Rxg7+ Kd6 34. Qxf6+ Kd5 35. Qf5+ Kd4
36. Rd7+ Kc4 37. a3 b4 38. Qf1+ Rd3 39. Rxd3 exd3 40. Qxd3+ Kc5 41. axb4+ Kxb4
42. Qb3+ Ka5 43. c3 1-0

[Event "Interzonal-14b"]
[Site "Szirak"]
[Date "1987.??.??"]
[Round "15"]
[White "De la Villa Garcia, Jesus Maria"]
[Black "Benjamin, Joel"]
[Result "0-1"]
[WhiteElo "2485"]
[BlackElo "2575"]
[Annotator "ChessBase"]
[PlyCount "88"]
[EventDate "1987.07.??"]
[EventType "tourn"]
[EventRounds "17"]
[EventCountry "HUN"]
[EventCategory "12"]
[SourceTitle "CBM 003"]
[Source "ChessBase"]
[SourceDate "1988.04.01"]
[SourceVersion "1"]
[SourceVersionDate "1988.04.01"]
[SourceQuality "1"]

1. e4 c5 2. Nf3 Nc6 3. d4 cxd4 4. Nxd4 Nf6 5. Nc3 d6 6. Bg5 e6 7. Qd2 a6 8.
O-O-O h6 9. Be3 Be7 10. Be2 Nxd4 11. Qxd4 Bd7 $5 (11... e5) 12. f4 Bc6 13. g4
Nd7 14. Bf3 $6 (14. h4 $142 Bf6 15. Qxd6 Bxc3 16. bxc3 Bxe4 17. Rhe1 $16 {
Benjamin}) 14... b5 15. h4 Qa5 16. a3 Rb8 17. Qd2 Nc5 18. Rhe1 b4 19. Na2 Bxe4
20. Bxc5 Bxf3 21. Bxb4 Qd8 22. Bxd6 Bxd1 23. Rxd1 Rb6 24. Bxe7 Qxd2+ 25. Kxd2
Kxe7 26. Nb4 g5 27. fxg5 hxg5 28. h5 f5 29. gxf5 Rd6+ 30. Nd3 exf5 31. c4 Rxh5
32. c5 Rd8 33. b4 Rh4 34. Kc3 Re4 35. a4 a5 36. b5 Rxa4 37. Re1+ Re4 38. Rxe4+
fxe4 39. Ne5 Ke6 40. Nc6 Rd1 41. b6 e3 42. Nd4+ Kd5 43. b7 Rb1 44. Nb3 e2 0-1

[Event "Yerevan"]
[Site "Yerevan"]
[Date "1976.03.29"]
[Round "9"]
[White "Ostojic, Predrag"]
[Black "Csom, Istvan"]
[Result "0-1"]
[WhiteElo "2495"]
[BlackElo "2490"]
[Annotator "ChessBase"]
[PlyCount "74"]
[EventDate "1976.03.19"]
[EventType "tourn"]
[EventRounds "15"]
[EventCountry "URS"]
[SourceTitle "EXT 1999"]
[Source "ChessBase"]
[SourceDate "1998.11.16"]
[SourceVersion "1"]
[SourceVersionDate "1998.11.16"]
[SourceQuality "1"]

1. e4 c5 2. Nf3 d6 3. d4 Nf6 4. Nc3 cxd4 5. Nxd4 Nc6 6. Bg5 e6 7. Qd2 a6 8.
O-O-O h6 9. Be3 (9. Bxf6 Qxf6) (9. Bf4 Bd7 10. Nxc6 Bxc6 11. f3 d5 12. Qe1 Bb4
13. a3 Ba5 14. Bd2 (14. exd5 Nxd5 15. b4 Nxf4 16. Rxd8+ Bxd8 17. h4) 14... Qe7)
9... Bd7 10. f3 Qc7 11. g4 b5 12. Nxc6 (12. Bxb5 axb5 13. Ndxb5 Qb8 14. Nxd6+
Bxd6 15. Qxd6 Qxd6 16. Rxd6 Ne5 $15) (12. Rg1 b4 13. Nce2 Ne5 14. Ng3 d5 15. h4
Nc4 (15... dxe4 16. Nxe4) 16. Bxc4 dxc4) 12... Bxc6 13. Qd4 Nd7 (13... d5) 14.
a3 Qb7 15. Be2 a5 16. Nd5 $6 (16. a4 bxa4 17. h4 a3 18. b3 Rb8 19. g5 hxg5 20.
hxg5 Rxh1 21. Rxh1 Qb4 22. Kb1 Ne5 23. f4 Qxd4 24. Bxd4 Ng6 25. Be3 a4 26. Ka2
axb3+ 27. cxb3) 16... Nc5 17. b4 Na4 $17 (17... axb4 18. Nxb4 Rxa3 (18... Bd7)
19. Nxc6 (19. Kd2 Bd7) 19... Qxc6 20. Kd2 (20. Qb4 Rb3) 20... Ra2 $17) 18. Nc3
axb4 (18... e5) 19. axb4 e5 20. Qd3 Nxc3 21. Qxc3 Be7 22. Kb2 O-O 23. Ra1 d5
24. Bc5 d4 (24... dxe4 25. Bxe7 Qxe7 26. Rxa8 (26. Qxc6 Qxb4+ $19) 26... Rxa8
27. fxe4 Bxe4 28. Re1 Ra4 $19) 25. Qb3 Bxc5 26. bxc5 Qe7 27. Qb4 Ra4 28. Rxa4
bxa4 29. Qb6 Rc8 30. Ba6 Rc7 31. c3 (31. Ka3 Be8 32. Kb4 Rc6 33. Qb5 Qg5 $19 (
33... Qa7 $17 34. Bb7 Rc8 35. Qb6 Qxb6+ 36. cxb6 Rb8 37. Bd5 Rxb6+ 38. Ka3 Rf6
$17)) 31... dxc3+ 32. Kxc3 Be8 33. Kb4 Rc6 34. Qb5 Qe6 (34... Qa7 35. Bb7 Rc8
36. Qb6 Qxb6+ 37. cxb6 Rb8 38. Ka5 Rxb7 39. Ka6 Bc6 40. Rc1 $18) (34... Qd7 35.
Ka3 Qd4 $19) 35. Ka5 Qd7 36. Bb7 Qd8+ 37. Kxa4 Rxc5 0-1

[Event "Montreal International"]
[Site "Montreal"]
[Date "1979.04.16"]
[Round "5"]
[White "Tal, Mihail"]
[Black "Larsen, Bent"]
[Result "1-0"]
[WhiteElo "2615"]
[BlackElo "2620"]
[Annotator "ChessBase"]
[PlyCount "43"]
[EventDate "1979.04.11"]
[EventType "tourn"]
[EventRounds "18"]
[EventCountry "CAN"]
[EventCategory "15"]
[SourceTitle "MCL"]
[Source "ChessBase"]
[SourceDate "1999.07.01"]
[SourceVersion "1"]
[SourceVersionDate "1999.07.01"]
[SourceQuality "1"]

1. e4 c5 2. Nf3 Nc6 3. d4 cxd4 4. Nxd4 Nf6 5. Nc3 d6 6. Bg5 e6 7. Qd2 Be7 8.
O-O-O a6 9. f4 Qc7 10. Be2 (10. Bxf6 gxf6 11. f5 {Bronstein,D-Suetin,A Moscow
1978}) 10... Nxd4 (10... Bd7 11. Nb3 O-O-O 12. Bxf6 gxf6 13. Bh5) 11. Qxd4 b5
12. e5 dxe5 13. fxe5 Nd5 14. Bxe7 Nxc3 (14... Nxe7 $2 15. Nxb5) 15. Bf3 $1 Nxd1
(15... Bb7 16. Bd6 Bxf3 17. bxc3 $1) (15... Kxe7 16. Qh4+ f6 (16... Ke8 $2 17.
Bc6+) 17. exf6+ gxf6 18. Qb4+ Kf7 19. bxc3) (15... Ne2+ $142 16. Bxe2 Qxe7 17.
Bf3 Bb7 18. Bxb7 Qxb7 19. Qd6 Rc8 (19... Qxg2 20. Rhg1 Qb7 21. Rxg7 $16) 20.
Rd2 Qc6 21. Rhd1 Qxd6 22. Rxd6 Ra8 23. Rb6) 16. Bd6 Qc4 (16... Qa7 17. Bc5) 17.
Qb6 $1 (17. Qxc4 bxc4 18. Bxa8 Ne3) 17... Nf2 18. Bc6+ (18. Qxf2 Qf4+ 19. Kb1
Bd7) (18. Bxa8 $1 Nxh1 19. Bc6+ $18) 18... Bd7 19. Bxd7+ Kxd7 20. Qb7+ Kd8 21.
Qxa8+ Qc8 22. Qa7 1-0

[Event "URS-ch FL56"]
[Site "Simferopol"]
[Date "1988.??.??"]
[Round "?"]
[White "Yudasin, Leonid"]
[Black "Kovalev, Andrei"]
[Result "1/2-1/2"]
[WhiteElo "2505"]
[BlackElo "2440"]
[Annotator "ChessBase"]
[PlyCount "94"]
[EventDate "1988.11.??"]
[EventType "tourn"]
[EventRounds "17"]
[EventCountry "URS"]
[EventCategory "10"]
[SourceTitle "CBM 011"]
[Source "ChessBase"]
[SourceDate "1989.08.01"]
[SourceVersion "1"]
[SourceVersionDate "1989.08.01"]
[SourceQuality "1"]

1. e4 c5 2. Nf3 d6 3. d4 cxd4 4. Nxd4 Nf6 5. Nc3 Nc6 6. Bg5 e6 7. Qd2 a6 8.
O-O-O h6 9. Be3 Be7 10. f3 Nxd4 11. Bxd4 b5 12. h4 Qa5 13. Qf2 {!? Makarichev}
(13. Kb1 b4 14. Ne2 e5 15. Bf2 Be6 16. Nc1 d5 17. Nb3 Qc7 18. exd5 Nxd5 19. Bg3
O-O 20. Bd3 Bf6 {20...Nf4!? Makarichev} 21. Qe2 h5 22. Qe4 g6 23. Nd4 Nc3+ $1
24. bxc3 Bxa2+ $1 25. Ka1 (25. Kxa2 Qa5+ 26. Kb1 bxc3 $19) 25... Be6 26. Nb3
Qxc3+ 27. Kb1 Bxb3 28. Be1 Ba2+ 29. Kxa2 Qa3+ 30. Kb1 b3 31. cxb3 Qxb3+ 32. Kc1
Rfd8 $2 {droht nicht Rd4, weil Ra8 hängt.} (32... Rad8 $1 {/\ Rd4} 33. Bc2 Qa3+
34. Kb1 Rb8+ $19) 33. Rd2 $1 $10 Rac8+ 34. Bc2 Qa3+ 35. Kd1 Qa1+ 36. Ke2 Rxd2+
37. Kxd2 Qc3+ 38. Kd1 Qa1+ 39. Kd2 Qc3+ 40. Kd1 Qa1+ $10 {remis Yudasin,
L-Makarichev,S/Nikolaev/1983/ Inf.36/259}) 13... Rb8 14. Kb1 b4 (14... e5 15.
Ba7 (15. Be3 Be6 16. Nd5 Bxd5 17. exd5 Bd8 18. g4 Bb6 19. Be2 Bxe3 20. Qxe3 Qb6
$10 {Dolmatov,S-Lerner,K/URS-ch/1986/}) 15... Rb7 16. g4 Be6 17. Nd5 Bxd5 18.
exd5 Bd8 19. Bd3 Bb6 20. Bxb6 Qxb6 21. Qg3 Qd8 22. f4 Re7 23. f5 (23. Rhe1 exf4
$2 (23... Nd7 24. f5 $5 f6 $1 $13) 24. Qxf4 O-O 25. g5 $14 {Tischbierek,
R-Lerner,K/Polanica Zdroi/1986/remis/42/ Inf.42/228}) (23. fxe5 $5 {Lerner}
Rxe5 24. Rhe1 Nd7 25. Bf5 O-O 26. Bxd7 Rxe1 27. Rxe1 Qxd7 28. g5 $14) 23... e4
24. Be2 Re5 25. c4 bxc4 26. Bxc4 h5 27. g5 Nd7 28. Bxa6 Qb6 29. Be2 Rxf5 {
Yudasin,L-Lerner,K/URS-FL56 Simferopol/1988/0-1/41/ -> (round 1)+}) 15. Ne2 e5
16. Ba7 Rb7 17. Be3 Be6 18. Nc1 d5 19. Nb3 Qa4 20. Bc5 O-O 21. Bxe7 Rxe7 22. g4
dxe4 23. g5 Nh5 24. gxh6 g6 25. fxe4 Kh7 26. Rg1 $1 Bxb3 $5 27. axb3 Qc6 28.
Rg5 $5 Nf4 (28... Qxe4 $2 29. Rxh5 gxh5 $2 30. Bd3 $18) 29. h5 $5 Nxh5 30. Qd2
$1 (30. Rxh5 gxh5 31. Bh3 Qxh6 $1) 30... a5 31. Rxh5 gxh5 32. Bh3 Kh8 (32...
Qxh6 $2 33. Bf5+ Kg7 34. Rg1+ $18) 33. Rg1 $1 f6 $1 34. Qg2 $1 f5 $2 {>= 34...
h4!} 35. h7 $1 {35.Bxf5? Qxh6!} Qe8 (35... Rxh7 36. Bxf5 Qh6 37. Bxh7 Kxh7 38.
Qg3 $1) 36. Bxf5 Qf7 37. Qg5 Qg7 38. Qe3 Qf6 39. Rg6 Qf7 40. Qg5 Ree8 41. Qh6
Re7 42. Qg5 Ra7 43. Be6 $2 (43. Qxh5 a4 44. Qg5 axb3 45. Rg8+ Rxg8 46. hxg8=Q+
Qxg8 47. Qh6+ $18) 43... Qxg6 $1 44. Qxg6 Rg7 $1 45. Qxh5 Rf1+ 46. Ka2 Rgg1 47.
Qxe5+ Kxh7 1/2-1/2